[Event "ODJM A 2025"]
[Site "Willingen GER"]
[Date "2025.06.13"]
[Round "8"]
[White "Mimkes, Pavel"]
[Black "Vollmar, Timo"]
[Result "1-0"]
[Termination "normal"]
[Board "8"]
[WhiteElo "2064"]
[BlackElo "1885"]
[WhiteClock "00:01:47"]
[BlackClock "00:13:19"]
[PlyCount "101"]
[WhiteFideId "12990833"]
[BlackFideId "16253582"]
[EventCountry "GER"]
[EventRounds "9"]
[EventType "swiss"]
[EventDate "2025.06.07"]

1. b3 {[%clk 01:30:57]} {[%emt 00:00:02]} d5 {[%clk 01:29:57]} {[%emt
00:01:04]} 2. Bb2 {[%clk 01:31:20]} {[%emt 00:00:06]} Nf6 {[%clk 01:28:27]}
{[%emt 00:01:59]} 3. Nf3 {[%clk 01:31:44]} {[%emt 00:00:07]} e6 {[%clk
01:26:07]} {[%emt 00:02:49]} 4. c4 {[%clk 01:32:03]} {[%emt 00:00:12]} Be7
{[%clk 01:20:02]} {[%emt 00:06:35]} 5. e3 {[%clk 01:32:26]} {[%emt 00:00:07]}
O-O {[%clk 01:19:15]} {[%emt 00:01:18]} 6. Be2 {[%clk 01:32:47]} {[%emt
00:00:08]} b6 {[%clk 01:16:48]} {[%emt 00:02:59]} 7. O-O {[%clk 01:32:16]}
{[%emt 00:01:00]} Bb7 {[%clk 01:13:57]} {[%emt 00:03:21]} 8. Qc2 {[%clk
01:31:03]} {[%emt 00:01:43]} c5 {[%clk 01:10:38]} {[%emt 00:03:49]} 9. cxd5
{[%clk 01:29:58]} {[%emt 00:01:36]} Qxd5 {[%clk 01:05:02]} {[%emt 00:06:07]}
10. Nc3 {[%clk 01:28:59]} {[%emt 00:01:28]} Qh5 {[%clk 01:03:51]} {[%emt
00:01:41]} 11. Rfe1 {[%clk 01:28:01]} {[%emt 00:01:27]} Nc6 {[%clk 00:59:57]}
{[%emt 00:04:25]} 12. Rad1 {[%clk 01:21:10]} {[%emt 00:07:21]} Rfd8 {[%clk
00:57:08]} {[%emt 00:03:18]} 13. h3 {[%clk 01:20:12]} {[%emt 00:01:28]} Rac8
{[%clk 00:53:08]} {[%emt 00:04:31]} 14. Qb1 {[%clk 01:15:46]} {[%emt 00:04:56]}
Ne5 {[%clk 00:47:58]} {[%emt 00:05:39]} 15. Nxe5 {[%clk 01:12:17]} {[%emt
00:03:59]} Qxe5 {[%clk 00:48:16]} {[%emt 00:00:12]} 16. f4 {[%clk 01:11:02]}
{[%emt 00:01:46]} Qb8 {[%clk 00:47:29]} {[%emt 00:01:16]} 17. d3 {[%clk
01:01:09]} {[%emt 00:10:24]} a6 {[%clk 00:40:53]} {[%emt 00:07:06]} 18. a4
{[%clk 00:56:48]} {[%emt 00:04:51]} Bc6 {[%clk 00:39:19]} {[%emt 00:02:03]} 19.
Bf3 {[%clk 00:48:44]} {[%emt 00:08:34]} Bxf3 {[%clk 00:29:10]} {[%emt
00:10:40]} 20. gxf3 {[%clk 00:49:07]} {[%emt 00:00:07]} Qb7 {[%clk 00:28:29]}
{[%emt 00:01:10]} 21. Kf2 {[%clk 00:45:26]} {[%emt 00:04:11]} Nd5 {[%clk
00:25:11]} {[%emt 00:03:48]} 22. Rg1 {[%clk 00:40:50]} {[%emt 00:05:07]} Nxc3
{[%clk 00:23:05]} {[%emt 00:02:37]} 23. Bxc3 {[%clk 00:41:12]} {[%emt
00:00:08]} f6 {[%clk 00:23:28]} {[%emt 00:00:06]} 24. Rg2 {[%clk 00:39:34]}
{[%emt 00:02:08]} Qd7 {[%clk 00:22:11]} {[%emt 00:01:46]} 25. Rdg1 {[%clk
00:31:05]} {[%emt 00:08:58]} g6 {[%clk 00:21:13]} {[%emt 00:01:29]} 26. d4
{[%clk 00:27:03]} {[%emt 00:04:33]} f5 {[%clk 00:21:08]} {[%emt 00:00:35]} 27.
Rd1 {[%clk 00:23:10]} {[%emt 00:04:22]} cxd4 {[%clk 00:18:54]} {[%emt
00:02:44]} 28. Rxd4 {[%clk 00:19:32]} {[%emt 00:04:08]} Qc6 {[%clk 00:15:58]}
{[%emt 00:03:26]} 29. Rc4 {[%clk 00:18:00]} {[%emt 00:02:01]} Qd7 {[%clk
00:15:53]} {[%emt 00:00:35]} 30. Rd4 {[%clk 00:14:07]} {[%emt 00:04:24]} Qc6
{[%clk 00:16:10]} {[%emt 00:00:12]} 31. Rc4 {[%clk 00:14:28]} {[%emt 00:00:10]}
Qd7 {[%clk 00:16:33]} {[%emt 00:00:06]} 32. Kg3 {[%clk 00:12:39]} {[%emt
00:02:19]} Rxc4 {[%clk 00:14:30]} {[%emt 00:02:34]} 33. bxc4 {[%clk 00:10:53]}
{[%emt 00:02:16]} Qd3 {[%clk 00:14:37]} {[%emt 00:00:23]} 34. Qe1 {[%clk
00:06:37]} {[%emt 00:04:45]} Qxc4 {[%clk 00:10:59]} {[%emt 00:04:08]} 35. Ba1
{[%clk 00:06:36]} {[%emt 00:00:32]} Kf7 {[%clk 00:10:11]} {[%emt 00:01:17]} 36.
Qb1 {[%clk 00:06:12]} {[%emt 00:00:51]} Qb4 {[%clk 00:08:18]} {[%emt 00:02:27]}
37. Qc1 {[%clk 00:03:30]} {[%emt 00:03:11]} Bc5 {[%clk 00:06:58]} {[%emt
00:01:50]} 38. a5 {[%clk 00:02:30]} {[%emt 00:01:31]} Rd3 {[%clk 00:05:45]}
{[%emt 00:01:42]} 39. axb6 {[%clk 00:02:06]} {[%emt 00:00:55]} Qxb6 {[%clk
00:04:48]} {[%emt 00:01:27]} 40. Rb2 {[%clk 00:01:03]} {[%emt 00:01:33]} Bxe3
{[%clk 00:02:32]} {[%emt 00:02:46]} 41. Qc4 {[%clk 00:14:01]} {[%emt 00:17:31]}
Bxf4+ {[%clk 00:27:12]} {[%emt 00:05:50]} 42. Qxf4 {[%clk 00:13:21]} {[%emt
00:01:10]} Qg1+ {[%clk 00:27:29]} {[%emt 00:00:14]} 43. Kh4 {[%clk 00:13:10]}
{[%emt 00:00:41]} Qxa1 {[%clk 00:25:59]} {[%emt 00:01:59]} 44. Rb7+ {[%clk
00:09:38]} {[%emt 00:04:02]} Ke8 {[%clk 00:23:40]} {[%emt 00:02:50]} 45. Kg5
{[%clk 00:02:21]} {[%emt 00:07:47]} e5 {[%clk 00:16:43]} {[%emt 00:07:27]} 46.
Qc4 {[%clk 00:02:03]} {[%emt 00:00:47]} Qg1+ {[%clk 00:16:02]} {[%emt
00:01:11]} 47. Kf6 {[%clk 00:02:13]} {[%emt 00:00:21]} Rd6+ {[%clk 00:15:25]}
{[%emt 00:01:06]} 48. Kxe5 {[%clk 00:01:25]} {[%emt 00:01:19]} Qg3+ {[%clk
00:13:47]} {[%emt 00:02:08]} 49. f4 {[%clk 00:01:43]} {[%emt 00:00:11]} Rd5+
{[%clk 00:13:04]} {[%emt 00:01:14]} 50. Qxd5 {[%clk 00:01:38]} {[%emt
00:00:34]} Qe3+ {[%clk 00:13:19]} {[%emt 00:00:16]} 51. Kf6 {[%clk 00:01:47]}
{[%emt 00:00:20]} 1-0

[Event "ODJM A 2025"]
[Site "Willingen GER"]
[Date "2025.06.13"]
[Round "8"]
[White "Ronsin, Corentin"]
[Black "Longo, Massimo"]
[Result "1-0"]
[Termination "normal"]
[Board "9"]
[WhiteElo "2064"]
[BlackElo "2081"]
[WhiteClock "00:23:15"]
[BlackClock "00:05:54"]
[PlyCount "169"]
[WhiteFideId "34641742"]
[BlackFideId "16205227"]
[EventCountry "GER"]
[EventRounds "9"]
[EventType "swiss"]
[EventDate "2025.06.07"]

1. e4 {[%clk 01:30:57]} {[%emt 00:00:02]} e6 {[%clk 01:30:57]} {[%emt
00:00:04]} 2. d4 {[%clk 01:31:18]} {[%emt 00:00:08]} d5 {[%clk 01:31:24]}
{[%emt 00:00:03]} 3. Nd2 {[%clk 01:31:40]} {[%emt 00:00:08]} Nf6 {[%clk
01:31:49]} {[%emt 00:00:05]} 4. e5 {[%clk 01:31:58]} {[%emt 00:00:12]} Nfd7
{[%clk 01:32:14]} {[%emt 00:00:05]} 5. c3 {[%clk 01:32:16]} {[%emt 00:00:12]}
c5 {[%clk 01:32:38]} {[%emt 00:00:07]} 6. f4 {[%clk 01:32:39]} {[%emt
00:00:07]} Nc6 {[%clk 01:32:57]} {[%emt 00:00:11]} 7. Ndf3 {[%clk 01:33:01]}
{[%emt 00:00:08]} Rb8 {[%clk 01:27:55]} {[%emt 00:05:32]} 8. Bd3 {[%clk
01:31:42]} {[%emt 00:01:49]} b5 {[%clk 01:26:17]} {[%emt 00:02:08]} 9. Ne2
{[%clk 01:30:23]} {[%emt 00:01:48]} Be7 {[%clk 01:15:21]} {[%emt 00:11:27]} 10.
O-O {[%clk 01:27:54]} {[%emt 00:02:58]} g6 {[%clk 01:14:54]} {[%emt 00:00:58]}
11. Be3 {[%clk 01:24:03]} {[%emt 00:04:19]} Qb6 {[%clk 01:12:30]} {[%emt
00:02:55]} 12. g4 {[%clk 01:21:52]} {[%emt 00:02:42]} h5 {[%clk 01:07:28]}
{[%emt 00:05:31]} 13. h3 {[%clk 01:20:43]} {[%emt 00:01:38]} hxg4 {[%clk
01:04:37]} {[%emt 00:03:22]} 14. hxg4 {[%clk 01:20:58]} {[%emt 00:00:14]} Rg8
{[%clk 01:01:11]} {[%emt 00:03:57]} 15. Kf2 {[%clk 01:12:15]} {[%emt 00:09:13]}
Nf8 {[%clk 00:53:10]} {[%emt 00:08:31]} 16. Rg1 {[%clk 01:06:32]} {[%emt
00:06:13]} b4 {[%clk 00:49:44]} {[%emt 00:03:57]} 17. f5 {[%clk 01:06:00]}
{[%emt 00:01:01]} bxc3 {[%clk 00:41:42]} {[%emt 00:08:33]} 18. bxc3 {[%clk
01:04:23]} {[%emt 00:02:06]} cxd4 {[%clk 00:41:58]} {[%emt 00:00:15]} 19. cxd4
{[%clk 01:04:15]} {[%emt 00:00:37]} Ba6 {[%clk 00:42:00]} {[%emt 00:00:28]} 20.
Rb1 {[%clk 01:03:31]} {[%emt 00:01:15]} Qa5 {[%clk 00:41:50]} {[%emt 00:00:39]}
21. Qc2 {[%clk 01:00:45]} {[%emt 00:03:16]} Rc8 {[%clk 00:40:06]} {[%emt
00:02:14]} 22. Bxa6 {[%clk 00:59:05]} {[%emt 00:02:11]} Qxa6 {[%clk 00:40:30]}
{[%emt 00:00:07]} 23. Rgc1 {[%clk 00:58:54]} {[%emt 00:00:39]} Nd7 {[%clk
00:39:55]} {[%emt 00:01:06]} 24. fxe6 {[%clk 00:57:46]} {[%emt 00:01:38]} fxe6
{[%clk 00:40:18]} {[%emt 00:00:06]} 25. Nf4 {[%clk 00:58:00]} {[%emt 00:00:16]}
Kf7 {[%clk 00:39:39]} {[%emt 00:01:11]} 26. Qd2 {[%clk 00:55:16]} {[%emt
00:03:13]} Na5 {[%clk 00:31:59]} {[%emt 00:08:11]} 27. Rxc8 {[%clk 00:54:21]}
{[%emt 00:01:25]} Rxc8 {[%clk 00:32:20]} {[%emt 00:00:08]} 28. Rh1 {[%clk
00:54:41]} {[%emt 00:00:09]} Nf8 {[%clk 00:32:41]} {[%emt 00:00:10]} 29. Kg3
{[%clk 00:50:43]} {[%emt 00:04:28]} Nc4 {[%clk 00:31:44]} {[%emt 00:01:28]} 30.
Qd3 {[%clk 00:51:05]} {[%emt 00:00:07]} Qa3 {[%clk 00:32:11]} {[%emt 00:00:03]}
31. Rh7+ {[%clk 00:50:02]} {[%emt 00:01:34]} Ke8 {[%clk 00:32:17]} {[%emt
00:00:23]} 32. Qxa3 {[%clk 00:49:11]} {[%emt 00:01:22]} Nxa3 {[%clk 00:27:14]}
{[%emt 00:05:33]} 33. Rg7 {[%clk 00:49:14]} {[%emt 00:00:26]} Nc2 {[%clk
00:24:01]} {[%emt 00:03:43]} 34. Bf2 {[%clk 00:48:15]} {[%emt 00:01:29]} Nb4
{[%clk 00:18:41]} {[%emt 00:05:50]} 35. a3 {[%clk 00:46:10]} {[%emt 00:02:35]}
Na2 {[%clk 00:16:45]} {[%emt 00:02:26]} 36. Nxg6 {[%clk 00:45:37]} {[%emt
00:01:04]} Nxg6 {[%clk 00:17:04]} {[%emt 00:00:10]} 37. Rxg6 {[%clk 00:46:01]}
{[%emt 00:00:06]} Kf7 {[%clk 00:12:01]} {[%emt 00:05:33]} 38. Rh6 {[%clk
00:45:45]} {[%emt 00:00:47]} Rc3 {[%clk 00:12:19]} {[%emt 00:00:12]} 39. Rh7+
{[%clk 00:41:13]} {[%emt 00:05:01]} Kf8 {[%clk 00:12:28]} {[%emt 00:00:21]} 40.
Kg2 {[%clk 00:38:54]} {[%emt 00:02:50]} Rc2 {[%clk 00:08:50]} {[%emt 00:04:08]}
41. Kf1 {[%clk 00:32:39]} {[%emt 00:06:44]} Nc3 {[%clk 00:21:08]} {[%emt
00:18:12]} 42. Nh4 {[%clk 00:56:35]} {[%emt 00:06:34]} Bxa3 {[%clk 00:21:28]}
{[%emt 00:00:11]} 43. Rxa7 {[%clk 00:56:18]} {[%emt 00:00:46]} Ne4 {[%clk
00:21:01]} {[%emt 00:00:57]} 44. Be1 {[%clk 00:56:07]} {[%emt 00:00:42]} Bb2
{[%clk 00:20:13]} {[%emt 00:01:18]} 45. Ng6+ {[%clk 00:46:49]} {[%emt
00:09:47]} Ke8 {[%clk 00:19:50]} {[%emt 00:00:54]} 46. Re7+ {[%clk 00:44:25]}
{[%emt 00:02:53]} Kd8 {[%clk 00:20:14]} {[%emt 00:00:06]} 47. Rxe6 {[%clk
00:44:10]} {[%emt 00:00:45]} Bxd4 {[%clk 00:19:48]} {[%emt 00:00:56]} 48. Ra6
{[%clk 00:43:18]} {[%emt 00:01:22]} Nc5 {[%clk 00:13:16]} {[%emt 00:07:02]} 49.
Rd6+ {[%clk 00:42:57]} {[%emt 00:00:51]} Ke8 {[%clk 00:13:41]} {[%emt
00:00:06]} 50. Rxd5 {[%clk 00:43:01]} {[%emt 00:00:25]} Kf7 {[%clk 00:13:21]}
{[%emt 00:00:51]} 51. Nf4 {[%clk 00:42:04]} {[%emt 00:01:26]} Be3 {[%clk
00:12:32]} {[%emt 00:01:20]} 52. Ng2 {[%clk 00:41:36]} {[%emt 00:00:57]} Bg5
{[%clk 00:11:47]} {[%emt 00:01:15]} 53. Rd6 {[%clk 00:38:03]} {[%emt 00:04:04]}
Ne4 {[%clk 00:09:30]} {[%emt 00:02:47]} 54. Rd4 {[%clk 00:37:55]} {[%emt
00:00:37]} Nc5 {[%clk 00:09:36]} {[%emt 00:00:25]} 55. Nf4 {[%clk 00:37:06]}
{[%emt 00:01:19]} Bxf4 {[%clk 00:09:19]} {[%emt 00:00:48]} 56. Rxf4+ {[%clk
00:37:27]} {[%emt 00:00:08]} Ke6 {[%clk 00:09:46]} {[%emt 00:00:03]} 57. Bg3
{[%clk 00:37:18]} {[%emt 00:00:39]} Nd7 {[%clk 00:09:17]} {[%emt 00:00:59]} 58.
Re4 {[%clk 00:37:18]} {[%emt 00:00:28]} Rc5 {[%clk 00:08:40]} {[%emt 00:01:09]}
59. Kg2 {[%clk 00:37:28]} {[%emt 00:00:21]} Rb5 {[%clk 00:03:17]} {[%emt
00:05:52]} 60. Kh3 {[%clk 00:36:24]} {[%emt 00:01:33]} Ra5 {[%clk 00:02:54]}
{[%emt 00:00:54]} 61. Rd4 {[%clk 00:35:39]} {[%emt 00:01:15]} Ra3 {[%clk
00:02:40]} {[%emt 00:00:44]} 62. Kh4 {[%clk 00:34:46]} {[%emt 00:01:23]} Ra8
{[%clk 00:02:54]} {[%emt 00:00:16]} 63. Rd6+ {[%clk 00:34:14]} {[%emt
00:01:03]} Ke7 {[%clk 00:03:15]} {[%emt 00:00:07]} 64. Kg5 {[%clk 00:33:40]}
{[%emt 00:01:05]} Ra3 {[%clk 00:03:16]} {[%emt 00:00:30]} 65. Bf4 {[%clk
00:33:32]} {[%emt 00:00:37]} Ra8 {[%clk 00:03:43]} {[%emt 00:00:04]} 66. Kf5
{[%clk 00:33:12]} {[%emt 00:00:49]} Rf8+ {[%clk 00:04:04]} {[%emt 00:00:10]}
67. Ke4 {[%clk 00:29:59]} {[%emt 00:03:42]} Nc5+ {[%clk 00:03:29]} {[%emt
00:01:05]} 68. Ke3 {[%clk 00:29:34]} {[%emt 00:00:55]} Ra8 {[%clk 00:03:20]}
{[%emt 00:00:38]} 69. Bg5+ {[%clk 00:29:34]} {[%emt 00:00:31]} Kf7 {[%clk
00:03:41]} {[%emt 00:00:08]} 70. Rf6+ {[%clk 00:28:27]} {[%emt 00:01:37]} Kg7
{[%clk 00:04:06]} {[%emt 00:00:05]} 71. Kd4 {[%clk 00:27:58]} {[%emt 00:01:00]}
Nd7 {[%clk 00:04:24]} {[%emt 00:00:11]} 72. Bh6+ {[%clk 00:27:50]} {[%emt
00:00:38]} Kg8 {[%clk 00:04:42]} {[%emt 00:00:10]} 73. Rf5 {[%clk 00:26:27]}
{[%emt 00:01:54]} Ra4+ {[%clk 00:04:40]} {[%emt 00:00:32]} 74. Kd5 {[%clk
00:24:09]} {[%emt 00:02:49]} Nxe5 {[%clk 00:05:01]} {[%emt 00:00:09]} 75. Rxe5
{[%clk 00:23:26]} {[%emt 00:01:12]} Rxg4 {[%clk 00:05:27]} {[%emt 00:00:05]}
76. Re7 {[%clk 00:23:14]} {[%emt 00:00:42]} Rg1 {[%clk 00:05:27]} {[%emt
00:00:28]} 77. Bf4 {[%clk 00:23:13]} {[%emt 00:00:31]} Rb1 {[%clk 00:05:09]}
{[%emt 00:00:48]} 78. Be5 {[%clk 00:22:57]} {[%emt 00:00:48]} Rb5+ {[%clk
00:04:50]} {[%emt 00:00:49]} 79. Ke6 {[%clk 00:23:17]} {[%emt 00:00:10]} Rb6+
{[%clk 00:05:15]} {[%emt 00:00:05]} 80. Kf5 {[%clk 00:23:38]} {[%emt 00:00:08]}
Rb1 {[%clk 00:05:33]} {[%emt 00:00:12]} 81. Rg7+ {[%clk 00:23:24]} {[%emt
00:00:45]} Kf8 {[%clk 00:05:53]} {[%emt 00:00:10]} 82. Rg2 {[%clk 00:22:59]}
{[%emt 00:00:54]} Ke7 {[%clk 00:05:53]} {[%emt 00:00:31]} 83. Rg7+ {[%clk
00:22:53]} {[%emt 00:00:36]} Kd8 {[%clk 00:06:16]} {[%emt 00:00:07]} 84. Ke6
{[%clk 00:22:56]} {[%emt 00:00:26]} Rd1 {[%clk 00:05:54]} {[%emt 00:00:52]} 85.
Rg8# {[%clk 00:23:15]} {[%emt 00:00:12]} 1-0

[Event "ODJM A 2025"]
[Site "Willingen GER"]
[Date "2025.06.13"]
[Round "8"]
[White "Tulchynsky, David"]
[Black "Hoffmann, Kay"]
[Result "1-0"]
[Termination "normal"]
[Board "10"]
[WhiteElo "2009"]
[BlackElo "2123"]
[WhiteClock "00:04:43"]
[BlackClock "00:03:02"]
[PlyCount "81"]
[WhiteFideId "16289560"]
[BlackFideId "16227000"]
[EventCountry "GER"]
[EventRounds "9"]
[EventType "swiss"]
[EventDate "2025.06.07"]

1. e4 {[%clk 01:30:31]} {[%emt 00:00:28]} e5 {[%clk 01:30:53]} {[%emt
00:00:08]} 2. Bc4 {[%clk 01:30:49]} {[%emt 00:00:12]} Nf6 {[%clk 01:31:08]}
{[%emt 00:00:16]} 3. d3 {[%clk 01:30:43]} {[%emt 00:00:36]} c6 {[%clk
01:31:31]} {[%emt 00:00:06]} 4. Nf3 {[%clk 01:30:41]} {[%emt 00:00:32]} d5
{[%clk 01:31:54]} {[%emt 00:00:07]} 5. Bb3 {[%clk 01:31:05]} {[%emt 00:00:06]}
a5 {[%clk 01:32:17]} {[%emt 00:00:08]} 6. a4 {[%clk 01:31:00]} {[%emt
00:00:34]} Bb4+ {[%clk 01:32:30]} {[%emt 00:00:17]} 7. c3 {[%clk 01:30:53]}
{[%emt 00:00:37]} Bd6 {[%clk 01:32:55]} {[%emt 00:00:05]} 8. exd5 {[%clk
01:31:07]} {[%emt 00:00:16]} cxd5 {[%clk 01:33:16]} {[%emt 00:00:09]} 9. Bg5
{[%clk 01:31:27]} {[%emt 00:00:10]} Be6 {[%clk 01:32:53]} {[%emt 00:00:53]} 10.
Na3 {[%clk 01:31:41]} {[%emt 00:00:16]} Nc6 {[%clk 01:27:45]} {[%emt 00:05:38]}
11. Nb5 {[%clk 01:31:12]} {[%emt 00:00:59]} Bb8 {[%clk 01:27:45]} {[%emt
00:00:29]} 12. O-O {[%clk 01:31:04]} {[%emt 00:00:39]} O-O {[%clk 01:28:09]}
{[%emt 00:00:06]} 13. Re1 {[%clk 01:30:11]} {[%emt 00:01:23]} Re8 {[%clk
01:20:41]} {[%emt 00:07:58]} 14. Qd2 {[%clk 01:20:49]} {[%emt 00:09:52]} Qe7
{[%clk 00:56:50]} {[%emt 00:24:21]} 15. Bh4 {[%clk 01:12:30]} {[%emt 00:08:50]}
h6 {[%clk 00:47:43]} {[%emt 00:09:37]} 16. Rad1 {[%clk 01:00:18]} {[%emt
00:12:40]} Kh8 {[%clk 00:30:30]} {[%emt 00:17:42]} 17. h3 {[%clk 00:39:55]}
{[%emt 00:20:54]} e4 {[%clk 00:19:51]} {[%emt 00:11:10]} 18. dxe4 {[%clk
00:31:06]} {[%emt 00:09:19]} dxe4 {[%clk 00:19:54]} {[%emt 00:00:27]} 19. Bxe6
{[%clk 00:30:23]} {[%emt 00:01:12]} Qxe6 {[%clk 00:19:33]} {[%emt 00:00:52]}
20. Nfd4 {[%clk 00:26:46]} {[%emt 00:04:08]} Nxd4 {[%clk 00:19:04]} {[%emt
00:00:58]} 21. Nxd4 {[%clk 00:23:03]} {[%emt 00:04:13]} Qd6 {[%clk 00:17:14]}
{[%emt 00:02:19]} 22. Bg3 {[%clk 00:21:32]} {[%emt 00:02:02]} Qd7 {[%clk
00:16:05]} {[%emt 00:01:39]} 23. Bxb8 {[%clk 00:18:23]} {[%emt 00:03:40]} Raxb8
{[%clk 00:16:29]} {[%emt 00:00:05]} 24. Nb5 {[%clk 00:18:34]} {[%emt 00:00:19]}
Qxd2 {[%clk 00:06:04]} {[%emt 00:10:55]} 25. Rxd2 {[%clk 00:14:30]} {[%emt
00:04:34]} Kg8 {[%clk 00:04:16]} {[%emt 00:02:18]} 26. Nd6 {[%clk 00:12:35]}
{[%emt 00:02:25]} Re6 {[%clk 00:04:39]} {[%emt 00:00:07]} 27. Rd4 {[%clk
00:09:24]} {[%emt 00:03:41]} Ne8 {[%clk 00:00:53]} {[%emt 00:04:17]} 28. Rexe4
{[%clk 00:06:18]} {[%emt 00:03:35]} Rxd6 {[%clk 00:00:36]} {[%emt 00:00:47]}
29. Rxe8+ {[%clk 00:06:40]} {[%emt 00:00:08]} Rxe8 {[%clk 00:01:04]} {[%emt
00:00:02]} 30. Rxd6 {[%clk 00:07:02]} {[%emt 00:00:07]} Re4 {[%clk 00:00:37]}
{[%emt 00:00:57]} 31. b3 {[%clk 00:06:55]} {[%emt 00:00:37]} Re7 {[%clk
00:00:33]} {[%emt 00:00:36]} 32. Rb6 {[%clk 00:07:00]} {[%emt 00:00:24]} Rd7
{[%clk 00:00:37]} {[%emt 00:00:26]} 33. Rb5 {[%clk 00:07:06]} {[%emt 00:00:24]}
Rd1+ {[%clk 00:00:42]} {[%emt 00:00:25]} 34. Kh2 {[%clk 00:07:30]} {[%emt
00:00:05]} Rd2 {[%clk 00:01:09]} {[%emt 00:00:04]} 35. Rxb7 {[%clk 00:02:52]}
{[%emt 00:05:08]} Rxf2 {[%clk 00:01:32]} {[%emt 00:00:06]} 36. Rb8+ {[%clk
00:03:14]} {[%emt 00:00:09]} Kh7 {[%clk 00:01:57]} {[%emt 00:00:05]} 37. Rb5
{[%clk 00:03:38]} {[%emt 00:00:06]} Rb2 {[%clk 00:02:21]} {[%emt 00:00:06]} 38.
b4 {[%clk 00:03:51]} {[%emt 00:00:17]} axb4 {[%clk 00:02:34]} {[%emt 00:00:18]}
39. cxb4 {[%clk 00:04:16]} {[%emt 00:00:05]} f5 {[%clk 00:02:37]} {[%emt
00:00:26]} 40. a5 {[%clk 00:04:37]} {[%emt 00:00:08]} Ra2 {[%clk 00:03:02]}
{[%emt 00:00:06]} 41. Rxf5 {[%clk 00:04:43]} {[%emt 00:00:25]} 1-0